| 000 | 00560nam a2200193Ia 4500 | ||
|---|---|---|---|
| 001 | 11685 | ||
| 003 | GE_BSU | ||
| 008 | 181216s||||||||xx |||||||||||||| ||und|| | ||
| 040 | _cGE_BSU | ||
| 080 | _a636(075.8) | ||
| 100 | _aმოსაშვილი,იოსებ. | ||
| 245 | _aმეცხოველეობა. | ||
| 260 | _aთბილისი. | ||
| 260 | _bთბილისის უნ–ტის გამ–ბა. | ||
| 260 | _c1978. | ||
| 300 | _a294გვ;22სმ. | ||
| 653 | _aმეცხოველეობა. | ||
| 942 | _cBK | ||
| 999 |
_c44870 _d44870 |
||